Argentina... or France? - Statistics

General Stats
  • This quiz has been taken 43,253 times
  • The average score is 12 of 15
Answer Stats
Question Answer % Correct
Has a flag with red, white, and blue stripes France
95%
Has a larger surface area Argentina
92%
Chinchillas are native to the country Argentina
92%
Che Guevara was born there Argentina
91%
Has a higher percentage of Muslim residents France
91%
Its name is derived from the Latin word for "silver" Argentina
87%
Has nuclear weapons France
87%
Has territory in South America Both
86%
Has been the birthplace of a pope Both
79%
Has a larger population France
75%
Has the higher maximum elevation Argentina
73%
Has fought a war against the United Kingdom Both
70%
Has had a female President Argentina
63%
Neanderthals once lived there France
60%
Claims territory in Antarctica Both
54%
No matching quizzes found
Score Distribution
Percent of People with Each Score
Percentile by Number Answered
Your Score History
You have not taken this quiz